000 00818nam a22003017a 4500
001 BR0104031
003 BR-BrBNA
005 20230928100932.0
007 ta
008 230509b bl.||||| |||| 00| 0 por d
040 _aBR-BrBNA
_bpor
_cBiblioteca Nacional de Agricultura
041 _a(Por)
072 _aE14; M12
_b3410
090 _ 3410 BR0104031
110 1 _aFAO, Brasilia, DF (Brasil)
_94523
245 1 _aCultivo de algas em pequena escala no Nordeste do Brasil
260 3 _aBrasilia, DF (Brasil):
_c[nd].
300 _a56 p.
650 _aAlga marinha
650 _aProjeto Pesqueiro
650 _aProjeto de Desenvolvimento
650 _aPratica Cultural
650 _aParaiba
650 _aRio Grande do Norte
650 _aCeara
909 _a202309
_bLucia
_c55
_dLucia Elande
942 _cBK
999 _c63475
_d63475